• 首页
  • 本馆介绍
  • 公告通知
  • 最新文献
  • 馆藏检索
  • 电子资源
  • 读者导购
  • 参考咨询
  • 我的图书馆
  • 登录
  • 详细信息显示
  • 放入我的书架
  • 预约/预借图书
  • 作者相关作品
  • 分类相关作品
  • 丛书相关作品
  • 出版社相关作品

书目信息

  • 表格格式
  • 工作单格式
  • 卡片格式
题名:
多音多义字用法举例
    
 
作者: 齐学初 编
分册:  
出版信息: 上海   上海教育出版社  1982
页数: 109页
开本: 14cm
丛书名:
单 册:
中图分类: H124.1
科图分类:
主题词: 汉语-多义词 , 多音字-汉语 , 多义词-汉语 , 汉语-多音字
电子资源:
ISBN:
000 00713nam0 2200277 45
001 0182001837
005 20060925150027.93
010    @dCNY0.17
091    @aCN@b7150.1599
100    @a19950427d1982 em y0chiy0121 ea
101 0  @achi
102    @aCN@b310000
105    @ay z 000yy
200 10 @a多音多义字用法举例@Aduo yin duo yi zi yong fa ju li@f齐学初编
205    @a2版
210    @a上海@c上海教育出版社@d1982
215    @a109页@d14cm
606    @a汉语-多义词
606    @a多音字-汉语
606    @a多义词-汉语
606    @a汉语-多音字
690    @aH124.1@v3
701  0 @a齐学初@Aqi xue chu@4编
801  2 @aCN@bNLC@c20060925
801  0 @aCN@bTSSF@c20060804
905    @a10447@dH124.1@e121
    
    多音多义字用法举例/齐学初编.-2版.-上海:上海教育出版社,1982
    109页;14cm
    
    
    ISBN :CNY0.17
    
●
相关链接 在E读中查询图书 在五车中查询图书 在当当中查询图书 在豆瓣中查询图书


正题名:多音多义字用法举例     索取号:H124.1/121         预约/预借

序号 登录号 条形码 馆藏地/架位号 状态 备注
1 0422580   204225800   密集书库/ [索取号:H124.1/121] 在馆    
2 0436467   204364678   密集书库/ [索取号:H124.1/121] 在馆    
3 0444556   204445564   密集书库/ [索取号:H124.1/121] 在馆    
唐山师范学院图书馆 欢迎您!
大连网信软件有限公司© 版权所有